Criminal Minds True Quiz - Statistics

General Stats
  • This quiz has been taken 185 times
  • The average score is 24 of 60
Answer Stats
Hint Answer % Correct
Actor of Spencer Reid Matthew Gray Gubler
92%
Actor of Aaron Hotchner Thomas Gibson
90%
Actor of Derek Morgan Shemar Moore
85%
Actor of Jennifer Jareau AJ Cook
78%
Actor of Emily Prentiss Paget Brewster
74%
What does BAU stand for? Behavioral Analysis Unit
70%
Actor of David Rossi Joe Mantegna
66%
Actor of Penelope Garcia Kirsten Vangsness
63%
In Which season is Luke Alvez introduced? 12
62%
Actor of Jason Gideon Mandy Patinkin
62%
Prentiss' undercover name Lauren
58%
Actor of Kate Callahan Jennifer Love Hewitt
56%
Actor of Elle Greenaway Lola Glaudini
55%
Name of the Pilot Extreme Aggressor
54%
Season 5, Episode 9, Hotch vs The Reaper 100
53%
Name of Rossi's daughter Joy
50%
Actor of Tara Lewis Aisha Tyler
48%
Actor of Alex Blake Jeanne Tripplehorn
48%
Man who victimized Morgan when he was younger Carl Buford
47%
Who does the Replicator kill at the end of Season 8? Erin Strauss
47%
Name of JJ's Kids Henry and Michael
47%
Who does Amber Heard play? Lila Archer
47%
Episode where Reid is tortured by a Bible-obsessed killer Revelations
45%
Episode where victims claim to have been attacked by a monster Mr Scratch
43%
Episode where Morgan is arrested for murder Profiler Profiled
43%
Actor of Luke Alvez Adam Rodriguez
42%
Episode where a child is abducted at the mall Seven Seconds
42%
Garcia's computer name before the FBI The Black Queen
41%
Episode where Reid and Prentiss are held hostage at a cult Minimal Loss
39%
Episode where 3 girls are forced to eliminate one of themselves. North Mammon
38%
Actor of Ashley Seaver Rachel Nichols
37%
Episode where Elle is taken hostage on a train Derailed
35%
Actor of Jack Hotchner Cade Owens
34%
Actor of Matt Simmons Daniel Henney
33%
Episode with Evan Peters, directed by Matthew Gray Gubler Mosley Lane
33%
Episode where the team interview a husband-and-wife pair of serial killers Riding the Lightning
31%
Episode where a girl with an obsession for dolls abducts women The Uncanny Valley
30%
Episode where a young boy reaches out to Reid for help Sex, Birth, Death
29%
Actor of Erin Strauss Jayne Atkinson
28%
First episode with Elle Fanning The Boogeyman
28%
Actor of Stephen Walker Damon Gupton
27%
Episode where a call-girl kills male executives Pleasure is my business
26%
Reid and Maeve's safeword Zugzwang
26%
Episode where the unsub boxes up his victims and makes a puppet performance The Lesson
24%
Episode where we first meet George Foyet Omnivore
23%
Episode where Reid goes to Jail Spencer
23%
First episode with Aubrey Plaza Entropy
22%
Meg Callahan's best friend's first name Markayla
21%
Episode where Gideon dies Nelson's Sparrow
21%
Actor of Kevin Lynch Nicholas Brendon
21%
Episode with blackouts in LA Our Darkest Hour
21%
Actor of Grant Anderson Brian Appel
19%
Episode where the killer with OCD asks for help using videotapes The Big Wheel
19%
Reid and Garcia are abducted by a cult 300
18%
Episode where Hotch uses times of sunset in Guantanamo Bay Lessons Learned
15%
Episode where Reid holds a grudge against JJ and Prentiss Proof
15%
Episode where skeletons are found in a backyard, and we learn of Rossi's racist past Strange Fruit
15%
Name of the book Reid read when he was 6 Empty Planet
14%
Episode with the prank wars between Reid and Morgan Painless
13%
Episode where the Bodies are included in the graffiti The Night Watch
10%
No matching quizzes found
Score Distribution
Percent of People with Each Score
Percentile by Number Answered
Your Score History
You have not taken this quiz